Europejski Złoty But 13/14 - piłka nożna - Statystyki

Ogólne statystyki
  • Ten quiz został rozwiązany 332 razy
  • Średni wynik to 5 z 10
Statystyki odpowiedzi
Gole Kraj Liga Piłkarz % Poprawnych
31 Portugalia ESP Cristiano Ronaldo
100%
28 Argentyna ESP Lionel Messi
100%
31 Urugwaj ENG Luis Suárez
96%
20 Polska GER Robert Lewandowski
92%
22 Włochy ITA Ciro Immobile
49%
20 WKS ENG Yaya Touré
26%
27 Hiszpania ESP Diego Costa
24%
20 Kolumbia POR Jackson Martinez
24%
20 Włochy ITA Luca Toni
17%
22 Anglia ENG Daniel Sturridge
12%
Nie znaleziono quizów pasujących do podanych kryteriów
Rozkład punktacji
Procent ludzi z każdym wynikiem
Percentyl według liczby udzielonych odpowiedzi
Twoja historia wyników
Nie rozwiązałeś tego quizu